| 000 | 00985nam a2200313Ia 4500 | ||
|---|---|---|---|
| 008 | 170203s9999 xx 000 0 und d | ||
| 020 | _a0-439877733 | ||
| 050 | _aFic | ||
| 050 | _bD337b | ||
| 100 | _aDelaney, Helen. | ||
| 245 | 4 | _aThe big red stop sign / | |
| 245 | _cby Helen Delaney ; illustrated by Steve Haefele ; based on the Scholastic book series Clifford the big red dog by Norman Bridwell. | ||
| 260 | _aNew York : | ||
| 260 | _bScholastic, | ||
| 260 | _c2006 | ||
| 300 | _a1 volume (unpaged) : | ||
| 300 | _bcolor illustrations ; | ||
| 300 | _c23 cm | ||
| 500 | _a"Clifford's puppy days on PBS Kids"--Cover. | ||
| 650 | _aClifford (Fictitious character : Bridwell) -- | ||
| 650 | _aClifford (Fictitious character : Bridwell) -- | ||
| 650 | _aPicture books. | ||
| 650 | _aSafety education -- | ||
| 650 | _aSafety education -- | ||
| 650 | _xFiction. | ||
| 650 | _xFiction. | ||
| 650 | _xJuvenile fiction. | ||
| 650 | _xJuvenile fiction. | ||
| 999 |
_c306387 _d306387 |
||